5HLuxD.jpg

KING HENRY VIII SENIOR AND PRIMARY SCHOOL LIBRARY OPAC

Absolutely Nat / (Record no. 3869)

000 -LEADER
fixed length control field 01961nam a2200361 i 4500
001 - CONTROL NUMBER
control field pr06191413
003 - CONTROL NUMBER IDENTIFIER
control field CaOWLBI
005 - DATE AND TIME OF LATEST TRANSACTION
control field 20241113100216.0
008 - FIXED-LENGTH DATA ELEMENTS--GENERAL INFORMATION
fixed length control field 210920s2021 nyua j 6 000 1 eng d
020 ## - INTERNATIONAL STANDARD BOOK NUMBER
International Standard Book Number 9781338715392
040 ## - CATALOGING SOURCE
Original cataloging agency CaOWLBI
Language of cataloging eng
Transcribing agency CaOWLBI
Description conventions rda
Modifying agency CaOL
-- KH8
082 ## - DEWEY DECIMAL CLASSIFICATION NUMBER
Classification number FIC SCR
100 1# - MAIN ENTRY--PERSONAL NAME
Personal name Scrivan, Maria,
Relator term author,
-- illustrator.
245 10 - TITLE STATEMENT
Title Absolutely Nat /
Statement of responsibility, etc. Maria Scrivan.
246 30 - VARYING FORM OF TITLE
Title proper/short title Nat.
264 #1 - PRODUCTION, PUBLICATION, DISTRIBUTION, MANUFACTURE, AND COPYRIGHT NOTICE
Place of production, publication, distribution, manufacture New York :
Name of producer, publisher, distributor, manufacturer Scholastic Graphix,
Date of production, publication, distribution, manufacture, or copyright notice [2021]
300 ## - PHYSICAL DESCRIPTION
Extent 232 pages :
Other physical details chiefly colour illustrations.
336 ## - CONTENT TYPE
Content type term text
Content type code txt
Source rdacontent.
336 ## - CONTENT TYPE
Content type term still image
Content type code sti
Source rdacontent.
337 ## - MEDIA TYPE
Media type term unmediated
Media type code n
Source rdamedia.
338 ## - CARRIER TYPE
Carrier type term volume
Carrier type code nc
Source rdacarrier.
490 1# - SERIES STATEMENT
Series statement Nat enough
505 0# - FORMATTED CONTENTS NOTE
Formatted contents note Camp -- Check in -- Orientation -- Ghost stories -- Snooze butten -- Get lost -- An itch you can't scratch -- Letters home -- Yoga -- Stuck -- Operation rescue -- Hide-and-seek -- Swim test -- Camp games -- Catch your later -- The legend of the lake surprise monster : a drawumentary.
520 ## - SUMMARY, ETC.
Summary, etc. Companion to the New York Times bestseller Nat Enough! You can stay stuck or go forward, but you can't go back. Natalie has just arrived at summer camp and soon realizes it isn't anything like the brochure. Instead of spending the summer with her best friends, Zoe and Flo, Natalie is stuck with her ex-BFF, Lily, and someone even more annoying than the endless mosquitoes: Millie Flatbottom. Even worse, she's constantly pushed out of her comfort zone and forced to come face-to-face with some of her greatest fears. Although summer camp isn't at all what Natalie expected, could it be exactly what she needs?
650 #0 - SUBJECT ADDED ENTRY--TOPICAL TERM
Topical term or geographic name entry element Camps
Form subdivision Juvenile fiction.
650 #0 - SUBJECT ADDED ENTRY--TOPICAL TERM
Topical term or geographic name entry element Girls
Form subdivision Juvenile fiction.
650 #0 - SUBJECT ADDED ENTRY--TOPICAL TERM
Topical term or geographic name entry element Self-confidence
Form subdivision Juvenile fiction.
650 #0 - SUBJECT ADDED ENTRY--TOPICAL TERM
Topical term or geographic name entry element Summer
Form subdivision Juvenile fiction.
650 #0 - SUBJECT ADDED ENTRY--TOPICAL TERM
Topical term or geographic name entry element Friendship
Form subdivision Juvenile fiction.
650 #0 - SUBJECT ADDED ENTRY--TOPICAL TERM
Topical term or geographic name entry element Graphic novels.
Source of heading or term genre.
830 #0 - SERIES ADDED ENTRY--UNIFORM TITLE
Uniform title Nat enough.
942 ## - ADDED ENTRY ELEMENTS (KOHA)
Source of classification or shelving scheme
Koha item type Graphic Novel
Holdings
Withdrawn status Lost status Source of classification or shelving scheme Damaged status Not for loan Collection code Permanent Location Current Location Shelving location Date acquired Total Checkouts Full call number Barcode Date last seen Date last checked out Price effective from Koha item type
          Fiction KH8 Senior School Library KH8 Senior School Library Graphic Novel 2024-11-13 8 FIC SCR 3KHSL000102116 2026-03-05 2026-02-04 2024-11-13 Graphic Novel

Powered By KH8 IT Dept